Lanean...
Nehru: making of India /
| Egile nagusia: | |
|---|---|
| Formatua: | Printed Book |
| Hizkuntza: | English |
| Argitaratua: |
London :
Viking,
1988.
|
| LEADER | 00415nam a2200133Ia 4500 | ||
|---|---|---|---|
| 008 | 150624b xxu||||| |||| 00| 0 eng d | ||
| 100 | |a Akbar, M. J. | ||
| 245 | |a Nehru: |b making of India / |c M. J. Akbar | ||
| 260 | |a London : |b Viking, |c 1988. | ||
| 300 | |a 609 p. | ||
| 500 | |a Replaced with Acc.No:68896 | ||
| 942 | |c BK | ||
| 999 | |c 41165 |d 41165 | ||
| 952 | |0 1 |1 0 |4 0 |7 0 |9 41162 |a UL |b UL |c ST1 |d 1998-09-01 |l 0 |p 59354 |r 2012-10-27 |w 2012-10-27 |y BK | ||